<?xml version="1.0" encoding="UTF-8"?>
<record
    xmlns:xsi="http://www.w3.org/2001/XMLSchema-instance"
    xsi:schemaLocation="http://www.loc.gov/MARC21/slim http://www.loc.gov/standards/marcxml/schema/MARC21slim.xsd"
    xmlns="http://www.loc.gov/MARC21/slim">

  <leader>02370nam a22002297a 4500</leader>
  <controlfield tag="003">St Aloysius Coll</controlfield>
  <controlfield tag="005">20250729113047.0</controlfield>
  <controlfield tag="008">250729b        |||||||| |||| 00| 0 eng d</controlfield>
  <datafield tag="020" ind1=" " ind2=" ">
    <subfield code="a">9789364371889</subfield>
  </datafield>
  <datafield tag="040" ind1=" " ind2=" ">
    <subfield code="c">AL</subfield>
  </datafield>
  <datafield tag="041" ind1=" " ind2=" ">
    <subfield code="a">English</subfield>
  </datafield>
  <datafield tag="082" ind1=" " ind2=" ">
    <subfield code="a">570.02</subfield>
    <subfield code="b">NAGN</subfield>
  </datafield>
  <datafield tag="100" ind1=" " ind2=" ">
    <subfield code="a">Ashish Nagesh</subfield>
    <subfield code="9">220611</subfield>
  </datafield>
  <datafield tag="245" ind1=" " ind2=" ">
    <subfield code="a">NTA CSIR UGC NET SET Life Sciences </subfield>
    <subfield code="b">: JRF and Lecturership</subfield>
  </datafield>
  <datafield tag="260" ind1=" " ind2=" ">
    <subfield code="a">New Delhi</subfield>
    <subfield code="b">Arihant Publications</subfield>
    <subfield code="c">2025</subfield>
  </datafield>
  <datafield tag="300" ind1=" " ind2=" ">
    <subfield code="a">1237p</subfield>
    <subfield code="b">PB</subfield>
    <subfield code="c">27x21cm.</subfield>
  </datafield>
  <datafield tag="365" ind1=" " ind2=" ">
    <subfield code="2">General</subfield>
    <subfield code="a">1941</subfield>
    <subfield code="b">&#x20B9;796.00</subfield>
    <subfield code="c">&#x20B9;</subfield>
    <subfield code="d">&#x20B9;995.00</subfield>
    <subfield code="e">20%</subfield>
    <subfield code="f">14-07-2025</subfield>
  </datafield>
  <datafield tag="520" ind1=" " ind2=" ">
    <subfield code="a">UNIT I: Basic Physical and Chemical Concepts in Biology, Bioenergetics and Catalysis, Organization and Metabolism of Biomolecules, UNIT II: The Cell: Structure and Function, Structure of Chromosome and Cell Cycle, UNIT II: DNA Replication, Repair and Recombination, RNA Synthesis and Processing, Protein Synthesis and Processing, Control of Gene Expression, UNIT IV: Host Parasite Interactions, Cell Signaling and Cellular Communication, Cancer, UNIT V: Immune System, Concepts and Early Development in Plants and Animals, UNIT VI: Morphogenesis and Organogenesis in Plants and Animals, Physiological Metabolism in Plants, Growth Hormone and Photobiology, UNIT VII: Solute Transport and Stress Physiology, Digestion and Respiratory System, Blood Vascular System, Excretory System and Thermoregulation, Neuroendocrine System and Reproduction, UNIT VIII: Mendelis and its Extensions, Gene Mapping, Extrachromosomal Inheritance and Microbial Genetics, Human and Quantitative Genetics, Genetic Variation, UNIT XI: Classification of Livings, Indian Sub-Continent and its Organisms, UNIT X: The Environment and Population, Community Dynamics, Ecosystem Physiology, Pollution and Biodiversity Conservation, UNIT XI: Origin of Life and Evolutionary Thoughts, Evolution: Methods of Studying and Mechanisms, Behaviour and Evolution, UNIT XII: Applied Biology, UNIT XIII: Molecular Biology and Recombinant DNA Methods, Histochemical and Immunotechniques, Biophysical Methods, Statistical Methods, Radiolabeling Techniques, Microscopic Techniques, Electrophysiological Methods, Methods in Field Biology, Computational Methods, Sample Questions Provided on CSIR Website, Solved Paper 2024</subfield>
  </datafield>
  <datafield tag="650" ind1=" " ind2=" ">
    <subfield code="2">Biology</subfield>
    <subfield code="a">Life Siences</subfield>
    <subfield code="9">220612</subfield>
  </datafield>
  <datafield tag="700" ind1=" " ind2=" ">
    <subfield code="a">Kumar, Prashant</subfield>
    <subfield code="d">Hossain, Quisher J</subfield>
    <subfield code="9">220613</subfield>
  </datafield>
  <datafield tag="942" ind1=" " ind2=" ">
    <subfield code="2">ddc</subfield>
    <subfield code="c">BK</subfield>
  </datafield>
  <datafield tag="999" ind1=" " ind2=" ">
    <subfield code="c">234680</subfield>
    <subfield code="d">234680</subfield>
  </datafield>
  <datafield tag="952" ind1=" " ind2=" ">
    <subfield code="0">0</subfield>
    <subfield code="1">0</subfield>
    <subfield code="2">ddc</subfield>
    <subfield code="4">0</subfield>
    <subfield code="7">0</subfield>
    <subfield code="8">GEN</subfield>
    <subfield code="a">SACPG</subfield>
    <subfield code="b">SACPG</subfield>
    <subfield code="d">2025-07-28</subfield>
    <subfield code="e">Biblios Book Point</subfield>
    <subfield code="g">796.00</subfield>
    <subfield code="l">0</subfield>
    <subfield code="o">570.02 NAGN</subfield>
    <subfield code="p">PG025067</subfield>
    <subfield code="r">2025-07-29 10:46:23</subfield>
    <subfield code="v">995.00</subfield>
    <subfield code="w">0000-00-00</subfield>
    <subfield code="y">BK</subfield>
  </datafield>
</record>
